| 000 | 01010cab a2200277 4500 | ||
|---|---|---|---|
| 001 | WB3401-24 | ||
| 008 | 090401t1998 xxu||||| |||| 00| 0 eng d | ||
| 035 | _a(Sirsi) u83025 | ||
| 041 | _aeng | ||
| 245 | _aParis at advantage over London | ||
| 260 | _c1998 | ||
| 350 | _a0 | ||
| 490 |
_aFinancial Times _v8 January 1998, 8(1) |
||
| 520 | _aA study by the Centre for Economics and Business Research points to significant economic benefits enjoyed by Paris over London because of higher educational standards and a better transport infrastructure. Paris`s geographical structure and transport and education systems are worth an extra 3 per cent of GDP per employee in Paris. | ||
| 650 | _aECONOMIC DEVELOPMENT | ||
| 650 | _aEDUCATION SYSTEM | ||
| 650 | _aGDP | ||
| 650 | _aGEOGRAPHICAL STRUCTURE | ||
| 650 | _aINTERNATIONAL COMPARISON | ||
| 650 | _aLONDON | ||
| 650 | _aPARIS | ||
| 650 | _aTRANSPORT SYSTEM | ||
| 690 | _aPROPERTY-PROPERTY DEVELOPMENT | ||
| 942 | _n0 | ||
| 948 | _c08/01/1998 | ||
| 999 |
_c52452 _d52452 |
||